000 01498nam a2200421 a 4500
001 ocm19064222
005 20250731164441.0
008 880616s1987 enka j 000 1 eng
010 _a 88150868
020 _a9780723247807
020 _a0723234701
020 _a0723247803
035 _a95717
035 _a(OCoLC)19064222
040 _dOCoLC
_beng
_erda
041 0 _aeng
092 _aE
100 1 _aPotter, Beatrix,
_d1866-1943,
_eauthor.
245 1 4 _aThe tale of Mrs. Tittlemouse /
_cby Beatrix Potter.
246 3 0 _aMrs. Tittlemouse.
250 _aOriginal and authorized edition.
264 1 _aLondon :
_bFrederick Warne,
_c2002.
300 _a58 pages :
_bcolor illustrations ;
_c15 cm.
336 _atext
337 _aunmediated
338 _avolume
490 1 _aThe original Peter Rabbit books ;
_v11
500 _a"The Original Peter Rabbit books, 11"--Jacket.
500 _a"The World of Peter Rabbit"--Jacket.
520 _aThe story of a little mouse's funny house, the visitors she has there, and how she finally rids herself of the untidy, messy ones.
650 0 _aMice
_vJuvenile fiction.
_95676295
650 0 _aBaths
_vJuvenile fiction.
_95696121
650 0 _aHygiene
_vJuvenile fiction.
_95707249
650 0 _aSanitation
_vJuvenile fiction.
_96549564
655 7 _2lcgft.
_aPicture books.
800 1 _aPotter, Beatrix,
_d1866-1943.
_tOriginal Peter Rabbit books ;
_v11.
942 _2ddc
_cBOOK
999 _c410328
_d410328